All 10k+ Cities in Russia - Statistics

General Stats
  • This quiz has been taken 394 times
  • The average score is 79 of 1313
Answers on the Map
Answers color-coded by a green-red scale on the quiz's map according to % correct below.
 
Answer Stats
FLS Population answer % Correct
Moscow 13,010,112 Moskva
79%
Murmansk 270,384 Murmansk
71%
Kaliningrad 490,449 Kaliningrad
68%
Omsk 1,125,695 Omsk
66%
Sankt-Peterburg 5,601,911 Sankt-Peterburg
63%
Perm 1,034,002 Perm'
61%
Bashkortostan 1,144,809 Ufa
61%
Tatarstan 1,308,660 Kazan'
59%
Nizhny Novgorod 1,226,076 Nižnij Novgorod
59%
Novosibirsk 1,633,595 Novosibirsk
59%
Primorsky 603,519 Vladivostok
59%
Krasnoyarsk 1,187,771 Krasnojarsk
57%
Saratov 901,361 Saratov
57%
Smolensk 316,570 Smolensk
57%
Arkhangelsk 301,199 Archangel'sk
55%
Irkutsk 617,264 Irkutsk
55%
Sakha 355,443 Jakutsk
55%
Kursk 440,052 Kursk
55%
Volgograd 1,028,036 Volgograd
55%
Chechnya 328,533 Groznyj
54%
Yaroslavl 28,122 Rostov
54%
Samara 1,173,299 Samara
54%
Tula 473,622 Tula
54%
Zabaykalsky 334,427 Čita
52%
Sverdlovsk 1,544,376 Jekaterinburg
52%
Krasnodar 1,099,344 Krasnodar
52%
Orenburg 543,654 Orenburg
52%
Pskov 193,082 Pskov
52%
Buryatia 437,565 Ulan-Udè
52%
Astrakhan 475,629 Astrachan'
50%
Belgorod 339,978 Belgorod
50%
Bryansk 379,152 Brjansk
50%
Ryazan 528,599 Rjazan'
50%
Tomsk 556,478 Tomsk
50%
Vladimir 349,951 Vladimir
50%
Voronezh 1,057,681 Voronež
50%
Kaluga 28,097 Kirov
48%
Kirov 468,212 Kirov
48%
Krasnodar 466,078 Soči
48%
Tyumen 847,488 Tjumen'
48%
Udmurtia 623,472 Iževsk
46%
Kaluga 337,058 Kaluga
46%
Magadan 90,757 Magadan
46%
Oryol 303,169 Orël
46%
Penza 501,109 Penza
46%
Stavropol 547,443 Stavropol'
46%
Chelyabinsk 1,189,525 Čeljabinsk
45%
Karelia 10,018 Kem'
45%
Krasnoyarsk 174,453 Noril'sk
45%
Karelia 234,897 Petrozavodsk
45%
Khabarovsk 617,441 Chabarovsk
43%
Kalmykia 102,583 Èlista
43%
Yaroslavl 577,279 Jaroslavl'
43%
Sakhalin 181,587 Južno-Sachalinsk
43%
Kemerovo 557,119 Kemerovo
43%
Dagestan 623,254 Machačkala
43%
Orenburg 189,195 Orsk
43%
Kamchatka 164,900 Petropavlovsk-Kamčatskij
43%
Tver 416,219 Tver'
43%
Novgorod 224,286 Velikij Novgorod
43%
Chukotka 13,202 Anadyr'
41%
Altai Krai 630,877 Barnaul
41%
Saratov 225,428 Èngel's
41%
Ivanovo 361,644 Ivanovo
41%
Kostroma 267,481 Kostroma
41%
Lipetsk 496,403 Lipeck
41%
Chelyabinsk 410,594 Magnitogorsk
41%
Krasnodar 262,293 Novorossijsk
41%
Komi 220,580 Syktyvkar
41%
Vologda 313,944 Vologda
41%
Irkutsk 224,071 Bratsk
39%
Chuvashia 497,807 Čeboksary
39%
Moscow 257,128 Chimki
39%
Khabarovsk 238,505 Komsomol'sk-na-Amure
39%
Kurgan 310,911 Kurgan
39%
Kemerovo 537,480 Novokuzneck
39%
Tambov 261,803 Tambov
39%
Ulyanovsk 617,352 Ul'janovsk
39%
Dagestan 124,953 Derbent
38%
Mari El 281,248 Joškar-Ola
38%
Tuva 125,241 Kyzyl
38%
Mordovia 314,871 Saransk
38%
North Ossetia-Alania 295,830 Vladikavkaz
38%
Moscow 520,962 Balašicha
36%
Leningrad 72,530 Vyborg
36%
Irkutsk 221,296 Angarsk
34%
Vologda 305,185 Čerepovec
34%
Adygea 143,385 Majkop
34%
Tatarstan 548,434 Naberežnyje Čelny
34%
Moscow 314,934 Podol'sk
34%
Yaroslavl 177,295 Rybinsk
34%
Rostov 245,120 Taganrog
34%
Nizhny Novgorod 218,630 Dzeržinsk
32%
Kaliningrad 38,910 Sovetsk
32%
Kirov 14,626 Sovetsk
32%
Mari El 53,013 Volžsk
32%
Amur 241,437 Blagoveščensk
30%
Bashkortostan 35,481 Blagoveščensk
30%
Moscow 255,429 Mytišči
30%
Kabardino-Balkaria 247,054 Nal'čik
30%
Sverdlovsk 338,966 Nižnij Tagil
30%
Rostov 1,142,162 Rostov-na-Donu
30%
Belgorod 221,676 Staryj Oskol
30%
Karachay-Cherkessia 113,226 Čerkessk
29%
Rostov 226,452 Šachty
29%
Primorsky 180,393 Ussurijsk
29%
Volgograd 321,479 Volžskij
29%
Komi 56,985 Vorkuta
29%
Chelyabinsk 161,774 Zlatoust
29%
Khakassia 184,769 Abakan
27%
Altai Krai 183,852 Bijsk
27%
Bashkortostan 277,410 Sterlitamak
27%
Tyumen 396,443 Surgut
27%
Primorsky 109,556 Artëm
25%
Rostov 81,924 Azov
25%
Moscow 152,404 Domodedovo
25%
Moscow 224,195 Ljubercy
25%
Rostov 163,674 Novočerkassk
25%
Krasnodar 187,177 Armavir
23%
Altai Republic 65,342 Gorno-Altajsk
23%
Arkhangelsk 157,213 Severodvinsk
23%
Jewish 70,064 Birobidžan
21%
Komi 35,254 Pečora
21%
Tyumen 107,473 Chanty-Mansijsk
20%
Moscow 146,403 Èlektrostal'
20%
Leningrad 94,377 Gatčina
20%
Moscow 187,634 Krasnogorsk
20%
Arkhangelsk 23,399 Nar'jan-Mar
20%
Tyumen 47,910 Salechard
20%
Rostov 168,048 Volgodonsk
20%
Khabarovsk 38,606 Amursk
18%
Moscow 134,850 Kolomna
18%
Primorsky 139,931 Nachodka
18%
Tyumen 283,256 Nižnevartovsk
18%
Tula 119,697 Novomoskovsk
18%
Tver 55,757 Ržev
18%
Chelyabinsk 12,858 Sim
18%
Komi 79,899 Uchta
18%
Krasnoyarsk 54,279 Zelenogorsk
18%
Saratov 184,466 Balakovo
16%
Nizhny Novgorod 78,372 Bor
16%
Moscow 228,095 Korolëv
16%
Ingushetia 122,350 Nazran'
16%
Tatarstan 241,479 Nižnekamsk
16%
Novosibirsk 30,369 Ob'
16%
Stavropol 146,473 Pjatigorsk
16%
Moscow 110,868 Puškino
16%
Tyumen 100,352 Tobol'sk
16%
Perm 138,069 Berezniki
14%
Stavropol 119,658 Jessentuki
14%
Penza 78,390 Kuzneck
14%
Chuvashia 120,375 Novočeboksarsk
14%
Sakhalin 20,357 Ocha
14%
Arkhangelsk 16,947 Onega
14%
Samara 165,725 Syzran'
14%
Samara 684,709 Tol'jatti
14%
Pskov 86,711 Velikije Luki
14%
Murmansk 49,647 Apatity
13%
Nizhny Novgorod 104,908 Arzamas
13%
Kaliningrad 26,796 Baltijsk
13%
Amur 61,440 Belogorsk
13%
Orenburg 33,280 Gaj
13%
Krasnodar 82,943 Jejsk
13%
Leningrad 49,716 Kingisepp
13%
Tyumen 107,251 Novyj Urengoj
13%
Kaluga 125,376 Obninsk
13%
Bashkortostan 148,575 Salavat
13%
Tatarstan 163,512 Al'metjevsk
11%
Krasnodar 81,863 Anapa
11%
Krasnodar 80,204 Gelendžik
11%
Kamchatka 36,240 Jelizovo
11%
Krasnoyarsk 17,537 Jenisejsk
11%
Volgograd 13,391 Leninsk
11%
Ingushetia 15,271 Magas
11%
Chelyabinsk 147,995 Miass
11%
Bashkortostan 131,942 Neftekamsk
11%
Volgograd 13,460 Nikolajevsk
11%
Moscow 103,891 Noginsk
11%
Udmurtia 91,115 Sarapul
11%
Smolensk 51,950 Vjaz'ma
11%
Vladimir 57,053 Aleksandrov
9%
Samara 70,228 Čapajevsk
9%
Rostov 46,623 Doneck
9%
Udmurtia 87,762 Glazov
9%
Sverdlovsk 164,192 Kamensk-Ural'skij
9%
Volgograd 107,927 Kamyšin
9%
Murmansk 29,138 Kandalakša
9%
Krasnoyarsk 86,816 Kansk
9%
Dagestan 121,140 Kaspijsk
9%
Stavropol 127,521 Kislovodsk
9%
Chelyabinsk 147,806 Kopejsk
9%
Arkhangelsk 56,093 Kotlas
9%
Saratov 28,749 Marks
9%
Stavropol 70,485 Mineral'nyje Vody
9%
Vladimir 107,497 Murom
9%
Samara 98,306 Novokujbyševsk
9%
Moscow 180,530 Odincovo
9%
Samara 20,703 Oktjabr'sk
9%
Chelyabinsk 76,896 Ozërsk
9%
Kemerovo 177,819 Prokopjevsk
9%
Moscow 114,537 Ramenskoje
9%
Nizhny Novgorod 93,357 Sarov
9%
Murmansk 43,327 Severomorsk
9%
Tomsk 106,648 Seversk
9%
Leningrad 65,367 Sosnovyj Bor
9%
Ingushetia 62,078 Sunža
9%
North Ossetia-Alania 11,086 Sunža
9%
Zabaykalsky 13,445 Zabajkal'sk
9%
Krasnoyarsk 82,723 Železnogorsk
9%
Kursk 97,038 Železnogorsk
9%
Kaluga 16,224 Žukov
9%
Sakha 21,590 Aldan
7%
Tatarstan 20,421 Arsk
7%
Rostov 126,988 Batajsk
7%
Voronezh 60,687 Borisoglebsk
7%
Kostroma 20,564 Buj
7%
Perm 75,837 Čajkovskij
7%
Moscow 89,025 Čechov
7%
Dagestan 155,144 Chasavjurt
7%
Ulyanovsk 110,968 Dimitrovgrad
7%
Tula 63,837 Donskoj
7%
Moscow 74,183 Dubna
7%
Krasnoyarsk 19,556 Dudinka
7%
Moscow 57,918 Dzeržinskij
7%
Smolensk 26,500 Gagarin
7%
Kaliningrad 29,234 Gusev
7%
Tatarstan 73,630 Jelabuga
7%
Lipetsk 99,875 Jelec
7%
Voronezh 17,624 Kalač
7%
Vladimir 132,417 Kovrov
7%
Zabaykalsky 51,137 Krasnokamensk
7%
Krasnoyarsk 55,730 Lesosibirsk
7%
Leningrad 38,407 Luga
7%
Ryazan 10,303 Michajlov
7%
Stavropol 114,133 Michajlovsk
7%
Rostov 103,480 Novošachtinsk
7%
Orenburg 75,960 Novotroick
7%
Bashkortostan 115,557 Oktjabr'skij
7%
Moscow 24,704 Oktjabr'skij
7%
Vladimir 17,747 Pokrov
7%
Sakha 12,021 Pokrovsk
7%
Altai Krai 126,834 Rubcovsk
7%
Sverdlovsk 94,211 Serov
7%
Karelia 14,867 Sortavala
7%
Leningrad 55,415 Tichvin
7%
Chelyabinsk 70,301 Troick
7%
Krasnodar 61,571 Tuapse
7%
Yaroslavl 32,719 Uglič
7%
Irkutsk 79,570 Ust'-Ilimsk
7%
Moscow 101,490 Vidnoje
7%
Amur 19,414 Zeja
7%
Moscow 111,222 Žukovskij
7%
Krasnoyarsk 100,621 Ačinsk
5%
Adygea 13,175 Adygejsk
5%
Chechnya 41,622 Argun
5%
Saratov 74,057 Balašov
5%
Bashkortostan 59,195 Belebej
5%
Kemerovo 68,542 Belovo
5%
Novosibirsk 102,850 Berdsk
5%
North Ossetia-Alania 35,929 Beslan
5%
Bashkortostan 44,295 Birsk
5%
Stavropol 58,103 Budënnovsk
5%
Tatarstan 81,677 Bugul'ma
5%
Kaliningrad 36,128 Černjachovsk
5%
Tatarstan 58,815 Čistopol'
5%
Primorsky 33,655 Dal'negorsk
5%
Moscow 65,574 Dmitrov
5%
Moscow 120,907 Dolgoprudnyj
5%
Moscow 60,580 Frjazino
5%
Nizhny Novgorod 28,660 Gorodec
5%
Belgorod 85,225 Gubkin
5%
Kaliningrad 26,760 Gurjevsk
5%
Kemerovo 22,134 Gurjevsk
5%
Moscow 82,827 Ivantejevka
5%
Smolensk 41,452 Jarcevo
5%
Tyumen 38,238 Jugorsk
5%
Altai Krai 18,098 Južnyj
5%
Krasnodar 11,125 Južnyj
5%
Rostov 86,365 Kamensk-Šachtinskij
5%
Chelyabinsk 10,514 Karabaš
5%
Kirov 66,651 Kirovo-Čepeck
5%
Moscow 88,511 Klin
5%
Tyumen 61,441 Kogalym
5%
Karelia 26,048 Kostomukša
5%
Mari El 19,731 Koz'modem'jansk
5%
Moscow 26,492 Krasnoarmejsk
5%
Saratov 21,350 Krasnoarmejsk
5%
Kursk 40,318 Kurčatov
5%
Chelyabinsk 36,045 Kyštym
5%
Karelia 11,962 Medvežjegorsk
5%
Kemerovo 96,174 Meždurečensk
5%
Bashkortostan 11,389 Michajlovka
5%
Volgograd 56,031 Michajlovka
5%
Krasnoyarsk 70,089 Minusinsk
5%
Moscow 33,880 Možajsk
5%
Leningrad 89,083 Murino
5%
Tyumen 45,973 Nadym
5%
Sakha 53,409 Nerjungri
5%
Pskov 13,980 Nevel'
5%
Khabarovsk 18,631 Nikolajevsk-na-Amure
5%
Tyumen 100,188 Nojabr'sk
5%
Sverdlovsk 78,479 Novoural'sk
5%
Voronezh 30,658 Novovoronež
5%
Moscow 105,745 Orechovo-Zujevo
5%
Pskov 20,923 Ostrov
5%
Nizhny Novgorod 57,116 Pavlovo
5%
Yaroslavl 37,738 Pereslavl'-Zalesskij
5%
Sverdlovsk 114,450 Pervoural'sk
5%
Saratov 26,319 Petrovsk
5%
Murmansk 12,293 Poljarnyj
5%
Leningrad 18,777 Priozersk
5%
Moscow 113,871 Reutov
5%
Voronezh 60,879 Rossoš'
5%
Chechnya 55,054 Šali
5%
Rostov 57,937 Sal'sk
5%
Belgorod 24,070 Severnyj
5%
Perm 89,473 Solikamsk
5%
Moscow 48,413 Solnečnogorsk
5%
Leningrad 13,836 Staraja
5%
Moscow 64,412 Stupino
5%
Ivanovo 55,225 Šuja
5%
Amur 48,517 Svobodnyj
5%
Krasnodar 10,827 Taman'
5%
Omsk 26,878 Tara
5%
Novosibirsk 23,711 Tatarsk
5%
Krasnodar 55,686 Tichoreck
5%
Volgograd 36,669 Urjupinsk
5%
Irkutsk 36,918 Ust'-Kut
5%
Vologda 28,670 Velikij Ustjug
5%
Sverdlovsk 71,335 Verchnjaja Pyšma
5%
Kamchatka 21,774 Viljučinsk
5%
Sakha 10,032 Viljujsk
5%
Moscow 26,389 Volokolamsk
5%
Saratov 55,035 Vol'sk
5%
Moscow 95,495 Voskresensk
5%
Udmurtia 97,471 Votkinsk
5%
Astrakhan 35,635 Achtubinsk
4%
Tuva 12,456 Ak-Dovurak
4%
Perm 10,780 Aleksandrovsk
4%
Tula 60,842 Aleksin
4%
Voronezh 15,316 Anna
4%
Kemerovo 66,583 Anžero-Sudžensk
4%
Krasnodar 40,289 Apšeronsk
4%
Primorsky 47,937 Arsenjev
4%
Sverdlovsk 57,317 Asbest
4%
Irkutsk 13,199 Bajkal'sk
4%
Bashkortostan 64,525 Beloreck
4%
Kemerovo 44,073 Berëzovskij
4%
Sverdlovsk 59,698 Berëzovskij
4%
Nizhny Novgorod 35,068 Bogorodsk
4%
Leningrad 16,185 Boksitogorsk
4%
Primorsky 41,825 Bol'šoj Kamen'
4%
Krasnoyarsk 15,174 Borodino
4%
Dagestan 68,121 Bujnaksk
4%
Orenburg 88,341 Buzuluk
4%
Khakassia 75,745 Černogorsk
4%
Nizhny Novgorod 11,535 Čkalovsk
4%
Dagestan 31,412 Dagestanskije Ogni
4%
Primorsky 23,613 Dal'nerečensk
4%
Yaroslavl 13,677 Danilov
4%
Smolensk 25,345 Desnogorsk
4%
Sakhalin 11,740 Dolinsk
4%
Moscow 29,982 Èlektrogorsk
4%
Moscow 17,944 Èlektrougli
4%
Kostroma 12,856 Galič
4%
Stavropol 63,221 Georgijevsk
4%
Chechnya 64,376 Gudermes
4%
Bashkortostan 31,169 Iglino
4%
Tyumen 67,614 Išim
4%
Novosibirsk 57,147 Iskitim
4%
Moscow 37,474 Istra
4%
Dagestan 55,996 Izberbaš
4%
Tyumen 38,853 Jalutorovsk
4%
Moscow 71,686 Jegorjevsk
4%
Volgograd 24,277 Kalač-na-Donu
4%
Saratov 14,949 Kalininsk
4%
Altai Krai 32,385 Kamen'-na-Obi
4%
Karachay-Cherkessia 23,867 Karačajevsk
4%
Tver 14,113 Kašin
4%
Ivanovo 77,694 Kinešma
4%
Leningrad 51,028 Kiriši
4%
Leningrad 27,238 Kirovsk
4%
Murmansk 24,857 Kirovsk
4%
Tambov 16,164 Kirsanov
4%
Bryansk 63,059 Klincy
4%
Karelia 25,851 Kondopoga
4%
Perm 48,778 Krasnokamsk
4%
Sverdlovsk 55,875 Krasnotur'insk
4%
Krasnodar 75,858 Kropotkin
4%
Nizhny Novgorod 63,646 Kstovo
4%
Perm 28,293 Kudymkar
4%
Novosibirsk 41,946 Kujbyšev
4%
Nizhny Novgorod 32,184 Kulebaki
4%
Tatarstan 60,993 Leninogorsk
4%
Kemerovo 92,244 Leninsk-Kuzneckij
4%
Sakha 21,392 Lensk
4%
Primorsky 35,433 Lesozavodsk
4%
Kursk 17,557 L'gov
4%
Voronezh 54,147 Liski
4%
Moscow 82,764 Lobnja
4%
Primorsky 17,437 Lučegorsk
4%
Nizhny Novgorod 21,657 Lyskovo
4%
Perm 53,855 Lys'va
4%
Orenburg 23,693 Mednogorsk
4%
Bashkortostan 56,505 Meleuz
4%
Tambov 90,451 Mičurinsk
4%
Rostov 34,841 Millerovo
4%
Arkhangelsk 27,262 Mirnyj
4%
Sakha 34,045 Mirnyj
4%
Murmansk 39,962 Mončegorsk
4%
Rostov 24,258 Morozovsk
4%
Udmurtia 44,345 Možga
4%
Samara 18,076 Neftegorsk
4%
Tyumen 124,732 Neftejugansk
4%
Stavropol 117,562 Nevinnomyssk
4%
Tyumen 63,034 Njagan'
4%
Sakha 10,138 Njurba
4%
Altai Krai 73,049 Novoaltajsk
4%
Krasnodar 34,000 Novokubansk
4%
Saratov 15,216 Novouzensk
4%
Belgorod 18,359 Novyj Oskol
4%
Tatarstan 33,990 Nurlat
4%
Murmansk 21,438 Olenegorsk
4%
Primorsky 33,832 Partizansk
4%
Altai Krai 13,850 Pavlovsk
4%
Voronezh 22,384 Pavlovsk
4%
Moscow 65,098 Pavlovskij Posad
4%
Nizhny Novgorod 13,223 Pervomajsk
4%
Rostov 12,627 Pokrovskoje
4%
Sakhalin 16,026 Poronajsk
4%
Kabardino-Balkaria 59,938 Prochladnyj
4%
Moscow 19,578 Puščino
4%
Smolensk 45,416 Roslavl'
4%
Saratov 37,850 Rtiščevo
4%
Primorsky 10,424 Russkij
4%
Moscow 16,014 Ruza
4%
Kurgan 68,609 Šadrinsk
4%
Smolensk 38,403 Safonovo
4%
Tula 55,109 Ščëkino
4%
Moscow 134,211 Ščëlkovo
4%
Belgorod 39,680 Šebekino
4%
Moscow 101,756 Sergijev Posad
4%
Moscow 133,793 Serpuchov
4%
Leningrad 68,241 Sertolovo
4%
Buryatia 24,233 Severobajkal'sk
4%
Primorsky 10,895 Slavjanka
4%
Krasnodar 62,985 Slavjansk-na-Kubani
4%
Chelyabinsk 50,619 Snežinsk
4%
Khabarovsk 24,231 Sovetskaja Gavan'
4%
Novgorod 27,487 Staraja Russa
4%
Sakha 10,302 Suntar
4%
Kaliningrad 16,207 Svetlogorsk
4%
Leningrad 13,784 Svetogorsk
4%
Moscow 17,317 Taldom
4%
Tyumen 19,900 Tarko-Sale
4%
Krasnodar 51,858 Timašëvsk
4%
Tver 41,116 Toržok
4%
Leningrad 34,066 Tosno
4%
Amur 28,625 Tynda
4%
Sakha 12,930 Udačnyj
4%
Irkutsk 74,762 Usolje-Sibirskoje
4%
Krasnodar 40,158 Ust'-Labinsk
4%
Leningrad 38,511 Volchov
4%
Leningrad 79,038 Vsevoložsk
4%
Nizhny Novgorod 45,240 Vyksa
4%
Vologda 10,386 Vytegra
4%
Murmansk 14,791 Zapoljarnyj
4%
Tatarstan 99,137 Zelenodol'sk
4%
Samara 50,466 Žigulëvsk
4%
Krasnodar 39,511 Abinsk
2%
Chechnya 30,739 Ačchoj-Martan
2%
Zabaykalsky 16,511 Aginskoje
2%
Tatarstan 19,991 Agryz
2%
Sakha 13,370 Ajchal
2%
Sverdlovsk 36,189 Alapajevsk
2%
Chuvashia 32,265 Alatyr'
2%
Sverdlovsk 11,657 Arti
2%
Stavropol 13,160 Arzgir
2%
Chelyabinsk 27,890 Aša
2%
Zabaykalsky 11,014 Atamanovka
2%
Saratov 22,709 Atkarsk
2%
Nizhny Novgorod 48,569 Balachna
2%
Tula 12,846 Belëv
2%
Krasnodar 55,870 Belorečensk
2%
Khakassia 10,107 Belyj Jar
2%
Tyumen 16,141 Belyj Jar
2%
Krasnoyarsk 19,059 Berëzovka
2%
Khabarovsk 16,240 Bikin
2%
Stavropol 30,827 Blagodarnyj
2%
Voronezh 20,871 Bobrov
2%
Tver 20,234 Bologoje
2%
Kaluga 12,598 Borovsk
2%
Krasnodar 19,154 Brjuchoveckaja
2%
Moscow 21,831 Bronnicy
2%
Khabarovsk 11,895 Čegdomyn
2%
Kabardino-Balkaria 20,736 Čegem
2%
Primorsky 10,124 Černigovka
2%
Krasnodar 22,094 Chadyžensk
2%
Sakhalin 25,677 Cholmsk
2%
Saratov 12,042 Chvalynsk
2%
Amur 18,538 Čigiri
2%
Primorsky 11,101 Čugujevka
2%
Sakha 10,235 Čurapča
2%
Bashkortostan 21,834 Davlekanovo
2%
Moscow 30,731 Dedovsk
2%
Bashkortostan 31,185 Djurtjuli
2%
Khabarovsk 10,382 Èl'ban
2%
Voronezh 10,024 Èrtil'
2%
Bryansk 12,538 Fokino
2%
Primorsky 19,711 Fokino
2%
Ivanovo 29,715 Furmanov
2%
Yaroslavl 16,084 Gavrilov-Jam
2%
Moscow 22,733 Golicyno
2%
Lipetsk 43,908 Grjazi
2%
Vologda 14,505 Grjazovec
2%
Tyumen 33,273 Gubkinskij
2%
Vladimir 51,552 Gus'-Chrustal'nyj
2%
Kaliningrad 14,122 Gvardejsk
2%
Komi 20,271 Inta
2%
Sverdlovsk 37,009 Irbit
2%
Bashkortostan 64,041 Išimbaj
2%
Adygea 54,291 Jablonovskij
2%
Moscow 14,011 Jachroma
2%
Saratov 18,095 Jeršov
2%
Kemerovo 79,693 Jurga
2%
Chelyabinsk 37,478 Južnoural'sk
2%
Penza 33,491 Kamenka
2%
Sverdlovsk 27,117 Kamyšlov
2%
Krasnodar 41,721 Kanevskaja
2%
Ryazan 28,443 Kasimov
2%
Moscow 45,922 Kašira
2%
Primorsky 13,494 Kavalerovo
2%
Irkutsk 10,998 Kirensk
2%
Kemerovo 83,431 Kiselëvsk
2%
Dagestan 38,335 Kiziljurt
2%
Dagestan 49,999 Kizljar
2%
North Ossetia-Alania 10,923 Kizljar
2%
Sakhalin 33,950 Korsakov
2%
Moscow 63,728 Kotel'niki
2%
Murmansk 15,770 Kovdor
2%
Kaluga 16,759 Kozel'sk
2%
Perm 14,460 Krasnovišersk
2%
Moscow 43,868 Krasnoznamensk
2%
Krasnodar 54,597 Krymsk
2%
Moscow 23,146 Kubinka
2%
Leningrad 60,791 Kudrovo
2%
Bashkortostan 57,949 Kumertau
2%
Perm 62,673 Kungur
2%
Krasnodar 30,375 Kuščëvskaja
2%
Krasnodar 57,428 Labinsk
2%
Vladimir 12,861 Lakinsk
2%
Tyumen 42,701 Langepas
2%
Stavropol 22,444 Lermontov
2%
Leningrad 18,905 Lodejnoje Pole
2%
Moscow 29,889 Luchovicy
2%
Nizhny Novgorod 12,652 Lukojanov
2%
Moscow 65,212 Lytkarino
2%
Altai Republic 16,890 Majma
2%
Tatarstan 15,726 Mamadyš
2%
Kemerovo 40,779 Mariinsk
2%
Rostov 13,991 Matvejev Kurgan
2%
Oryol 36,960 Mcensk
2%
Mari El 21,752 Medvedevo
2%
Tyumen 52,887 Megion
2%
Vladimir 13,407 Melenki
2%
Tatarstan 22,875 Mendelejevsk
2%
Tambov 39,023 Moršansk
2%
North Ossetia-Alania 36,784 Mozdok
2%
Tyumen 29,233 Muravlenko
2%
Moscow 71,121 Naro-Fominsk
2%
Chechnya 10,840 Naurskaja
2%
Nizhny Novgorod 14,664 Navašino
2%
Stavropol 23,137 Neftekumsk
2%
Moscow 11,574 Nekrasovskij
2%
Tver 18,603 Nelidovo
2%
Zabaykalsky 15,290 Nerčinsk
2%
Sakhalin 10,608 Nevel'sk
2%
Penza 19,873 Nikol'sk
2%
Sverdlovsk 16,505 Nižnjaja Salda
2%
Arkhangelsk 18,473 Njandoma
2%
Sakhalin 11,066 Nogliki
2%
Stavropol 20,781 Novopavlovsk
2%
Ulyanovsk 13,673 Novoul'janovsk
2%
Perm 16,675 Nytva
2%
North Ossetia-Alania 10,149 Oktjabr'skoje
2%
Kemerovo 40,367 Osinniki
2%
Tver 16,674 Ostaškov
2%
Samara 46,984 Otradnyj
2%
Pskov 10,247 Pečory
2%
Leningrad 16,123 Podporožje
2%
Sverdlovsk 55,182 Polevskoj
2%
Murmansk 14,146 Poljarnyje Zori
2%
Krasnodar 31,087 Primorsko-Achtarsk
2%
Saratov 40,127 Pugačëv
2%
Tyumen 40,180 Pyt'-Jach
2%
Amur 15,797 Rajčichinsk
2%
Tambov 47,644 Rasskazovo
2%
Sverdlovsk 60,200 Revda
2%
Sverdlovsk 36,585 Rež
2%
Belgorod 10,939 Roven'ki
2%
Kursk 15,069 Ryl'sk
2%
Nizhny Novgorod 17,626 Šachun'ja
2%
Khakassia 44,872 Sajanogorsk
2%
Irkutsk 35,561 Sajansk
2%
Kostroma 20,439 Šar'ja
2%
Ryazan 21,628 Sasovo
2%
Moscow 38,230 Šatura
2%
Kursk 14,927 Ščigry
2%
Karelia 23,543 Segeža
2%
Nizhny Novgorod 25,075 Semënov
2%
Penza 30,220 Serdobsk
2%
Nizhny Novgorod 20,256 Sergač
2%
Sverdlovsk 24,428 Severoural'sk
2%
Bashkortostan 56,514 Sibaj
2%
Altai Krai 10,520 Sibirskij
2%
Amur 16,488 Šimanovsk
2%
Ryazan 25,238 Skopin
2%
Leningrad 34,628 Slancy
2%
Altai Krai 27,900 Slavgorod
2%
Leningrad 14,131 Šlissel'burg
2%
Zabaykalsky 10,429 Smolenka
2%
Vologda 34,742 Sokol
2%
Orenburg 26,149 Sol'-Ileck
2%
Khabarovsk 12,267 Solnečnyj
2%
Tyumen 12,885 Solnečnyj
2%
Primorsky 35,732 Spassk-Dal'nij
2%
Sverdlovsk 23,344 Sredneural'sk
2%
Moscow 22,898 Staraja Kupavna
2%
Bryansk 17,687 Starodub
2%
Saratov 12,355 Stepnoje
2%
Volgograd 18,227 Surovikino
2%
Moscow 23,058 Sverdlovskij
2%
Sverdlovsk 20,634 Sysert'
2%
Kemerovo 22,375 Tajga
2%
Kemerovo 21,980 Taštagol
2%
Sverdlovsk 32,749 Tavda
2%
Krasnodar 41,608 Temrjuk
2%
Tatarstan 10,535 Tetjuši
2%
Tver 11,441 Toropec
2%
Bryansk 13,287 Trubčevsk
2%
Primorsky 19,543 Trudovoje
2%
Bashkortostan 68,349 Tujmazy
2%
Irkutsk 38,440 Tulun
2%
Sverdlovsk 16,561 Turinsk
2%
Yaroslavl 39,643 Tutajev
2%
Moscow 17,846 Udel'naja
2%
Nizhny Novgorod 12,450 Uren'
2%
Chechnya 63,449 Urus-Martan
2%
Komi 32,182 Usinsk
2%
Lipetsk 19,662 Usman'
2%
Tula 49,427 Uzlovaja
2%
Novgorod 14,074 Valdaj
2%
Belgorod 33,032 Valujki
2%
Khabarovsk 17,326 Vanino
2%
Chelyabinsk 10,365 Varna
2%
Arkhangelsk 21,613 Vel'sk
2%
Sverdlovsk 10,113 Verchnij Tagil
2%
Khabarovsk 12,775 Vjazemskij
2%
Nizhny Novgorod 10,162 Vorsma
2%
Tver 45,830 Vyšnij Voločëk
2%
Buryatia 11,365 Zakamensk
2%
Moscow 20,736 Zarajsk
2%
Penza 58,510 Zarečnyj
2%
Sverdlovsk 28,112 Zarečnyj
2%
Sakha 11,436 Žataj
2%
Nizhny Novgorod 36,763 Zavolžje
2%
Kaliningrad 16,625 Zelenogradsk
2%
Stavropol 33,187 Zelenokumsk
2%
Stavropol 22,863 Železnovodsk
2%
Rostov 24,076 Zernograd
2%
Irkutsk 30,640 Zima
2%
Astrakhan 24,628 Znamensk
2%
Moscow 35,842 Zvenigorod
2%
Mari El 10,994 Zvenigovo
2%
Khakassia 12,272 Abaza
0%
Orenburg 17,274 Abdulino
0%
Dagestan 15,285 Achty
0%
Krasnodar 21,515 Achtyrskij
0%
Krasnodar 23,592 Afipskij
0%
Bashkortostan 14,219 Agidel'
0%
Orenburg 10,688 Akbulak
0%
Dagestan 11,380 Aksaj
0%
Rostov 48,372 Aksaj
0%
North Ossetia-Alania 21,550 Alagir
0%
Dagestan 10,600 Al'burikent
0%
Chechnya 13,260 Alchan-Jurt
0%
Chechnya 14,423 Alchan-Kala
0%
Altai Krai 25,380 Alejsk
0%
Stavropol 10,525 Aleksandrijskaja
0%
Stavropol 25,479 Aleksandrovskoje
0%
Belgorod 36,578 Aleksejevka
0%
Samara 10,877 Aleksejevka
0%
Tatarstan 11,613 Aleksejevskoje
0%
Chechnya 11,436 Alleroj
0%
Altai Krai 14,068 Altajskoje
0%
Krasnodar 15,593 Anapskaja
0%
Krasnodar 10,664 Anastasijevskaja
0%
Moscow 10,397 Andrejevka
0%
Moscow 35,514 Aprelevka
0%
Sverdlovsk 19,013 Aramil'
0%
North Ossetia-Alania 18,956 Ardon
0%
Chelyabinsk 10,084 Argajaš
0%
Saratov 10,990 Arkadak
0%
Sverdlovsk 28,943 Artëmovskij
0%
Tomsk 24,913 Asino
0%
Chechnya 18,446 Avtury
0%
Tatarstan 34,750 Aznakajevo
0%
Vologda 11,739 Babajevo
0%
Dagestan 18,039 Babajurt
0%
Kemerovo 12,729 Bačatskij
0%
Chechnya 17,173 Bači-Jurt
0%
Rostov 13,587 Bagajevskaja
0%
Bashkortostan 17,833 Bajmak
0%
Chelyabinsk 16,345 Bakal
0%
Bashkortostan 10,282 Bakaly
0%
Kabardino-Balkaria 39,593 Baksan
0%
Kaluga 29,029 Balabanovo
0%
Zabaykalsky 10,286 Balej
0%
Udmurtia 14,459 Balezino
0%
Novosibirsk 27,648 Barabinsk
0%
Ulyanovsk 14,924 Baryš
0%
Tatarstan 21,628 Bavly
0%
Krasnodar 17,470 Belaja Glina
0%
Rostov 40,448 Belaja Kalitva
0%
Dagestan 11,957 Belidži
0%
Sverdlovsk 13,293 Belojarskij
0%
Tyumen 19,994 Belojarskij
0%
Altai Krai 14,735 Belokuricha
0%
Moscow 13,737 Beloozërskij
0%
Kaluga 10,946 Belousovo
0%
Penza 13,775 Bessonovka
0%
Tver 21,466 Bežeck
0%
Samara 20,516 Bezenčuk
0%
Altai Krai 10,558 Blagoveščenka
0%
Moscow 13,259 Bobrovo
0%
Sverdlovsk 30,142 Bogdanovič
0%
Tula 29,560 Bogorodick
0%
Krasnoyarsk 18,206 Bogotol
0%
Krasnoyarsk 11,192 Bogučany
0%
Voronezh 14,370 Bogučar
0%
Novosibirsk 15,644 Bolotnoje
0%
Moscow 15,060 Bol'šije Vjazëmy
0%
Belgorod 12,553 Borisovka
0%
Novgorod 47,883 Boroviči
0%
Zabaykalsky 29,596 Borzja
0%
Dagestan 11,944 Botlich
0%
Leningrad 22,428 Bugry
0%
Orenburg 43,593 Buguruslan
0%
Tatarstan 19,968 Buinsk
0%
Sverdlovsk 11,989 Bulanaš
0%
Bashkortostan 10,752 Burajevo
0%
Moscow 12,267 Butovo
0%
Voronezh 24,397 Buturlinovka
0%
Rostov 19,583 Čaltyr'
0%
Lipetsk 11,579 Čaplygin
0%
Chelyabinsk 44,693 Čebarkul'
0%
Kabardino-Balkaria 10,689 Čegem Vtoroj
0%
Bashkortostan 13,024 Čekmaguš
0%
Rostov 10,303 Celina
0%
Ulyanovsk 12,084 Čerdakly
0%
Irkutsk 53,958 Čeremchovo
0%
Novosibirsk 19,900 Čerepanovo
0%
Omsk 10,098 Čerlak
0%
Belgorod 14,896 Černjanka
0%
Moscow 19,530 Černogolovka
0%
Perm 32,991 Černuška
0%
Zabaykalsky 13,670 Černyševsk
0%
Adygea 11,319 Chanskaja
0%
Astrakhan 18,514 Charabali
0%
Krasnodar 18,699 Cholmskaja
0%
Irkutsk 15,064 Chomutovo
0%
Moscow 20,466 Chot'kovo
0%
Rostov 14,731 Cimljansk
0%
Dagestan 10,098 Čirkej
0%
Bashkortostan 22,597 Čišmy
0%
Chuvashia 12,762 Civil'sk
0%
Chechnya 16,890 Coci-Jurt
0%
Novgorod 14,302 Čudovo
0%
Novosibirsk 11,034 Čulym
0%
Irkutsk 13,554 Čunskij
0%
Perm 45,471 Čusovoj
0%
Kurgan 11,584 Dalmatovo
0%
Lipetsk 19,726 Dankov
0%
Moscow 10,601 Davydovo
0%
Sverdlovsk 15,497 Degtjarsk
0%
Krasnodar 36,576 Dinskaja
0%
Krasnoyarsk 27,477 Divnogorsk
0%
Stavropol 13,104 Divnoje
0%
Bryansk 25,255 Djat'kovo
0%
Perm 28,782 Dobrjanka
0%
Stavropol 14,338 Donskoje
0%
Moscow 12,295 Drezna
0%
Moscow 29,072 Drožžino
0%
Volgograd 14,779 Dubovka
0%
Belgorod 16,101 Dubovoje
0%
Kabardino-Balkaria 20,852 Dygulybgej
0%
Tatarstan 13,560 Džalil'
0%
Ingushetia 27,224 Èkaževo
0%
North Ossetia-Alania 12,723 Èl'chotovo
0%
Adygea 27,717 Ènem
0%
Tyumen 23,614 Fëdorovskij
0%
Moscow 12,682 Frjanovo
0%
Volgograd 35,661 Frolovo
0%
Krasnodar 10,450 Gajduk
0%
Chechnya 15,352 Gechi
0%
Chechnya 11,021 Geldagan
0%
Chechnya 12,456 Germenčuk
0%
Adygea 14,445 Giaginskaja
0%
Rostov 10,572 Gigant
0%
Moscow 11,678 Glebovskij
0%
Chechnya 19,198 Gojty
0%
Stavropol 36,032 Gorjačevodskij
0%
Krasnodar 40,903 Gorjačij Ključ
0%
Altai Krai 10,112 Gornjak
0%
Perm 11,073 Gornozavodsk
0%
Vladimir 12,666 Gorochovec
0%
Volgograd 22,905 Gorodišče
0%
Krasnodar 16,438 Gostagajevskaja
0%
Kemerovo 11,217 Gramoteino
0%
Voronezh 14,830 Gribanovskij
0%
Perm 23,397 Gubacha
0%
Dagestan 10,135 Gubden
0%
Rostov 60,361 Gukovo
0%
Krasnodar 33,357 Gul'keviči
0%
Buryatia 24,451 Gusinoozërsk
0%
Udmurtia 19,319 Igra
0%
Astrakhan 10,452 Ikrjanoje
0%
Krasnoyarsk 15,945 Ilanskij
0%
Orenburg 10,191 Ilek
0%
Moscow 14,645 Il'inskij
0%
Volgograd 10,555 Ilovlja
0%
Krasnodar 24,932 Il'skij
0%
Leningrad 10,573 Imeni Morozova
0%
Leningrad 12,644 Imeni Sverdlova
0%
Moscow 16,127 Imeni Vorovskogo
0%
Stavropol 27,500 Inozemcevo
0%
Kemerovo 12,499 Inskoj
0%
Ulyanovsk 16,293 Inza
0%
Stavropol 26,122 Ipatovo
0%
Ulyanovsk 10,411 Išejevka
0%
Omsk 20,515 Isil'kul'
0%
Kabardino-Balkaria 11,760 Islamej
0%
Orenburg 11,800 Ivanovka
0%
Sverdlovsk 14,306 Ivdel'
0%
Tyumen 21,389 Izlučinsk
0%
Stavropol 38,614 Izobil'nyj
0%
Samara 11,801 Jagodnoje
0%
Bashkortostan 25,908 Janaul
0%
Leningrad 16,886 Janino-1
0%
Kirov 14,284 Jaransk
0%
Altai Krai 16,424 Jarovoje
0%
Kemerovo 12,957 Jaškino
0%
Tula 15,269 Jasnogorsk
0%
Orenburg 15,471 Jasnyj
0%
Tula 36,545 Jefremov
0%
Rostov 14,602 Jegorlykskaja
0%
Volgograd 14,095 Jelan'
0%
Krasnodar 23,841 Jelizavetinskaja
0%
Chelyabinsk 27,632 Jemanželinsk
0%
Krasnoyarsk 15,649 Jemel'janovo
0%
Komi 10,994 Jemva
0%
Kaluga 10,809 Jermolino
0%
Stavropol 24,710 Jessentukskaja
0%
Vladimir 17,276 Jurjev-Pol'skij
0%
Chelyabinsk 10,284 Jurjuzan'
0%
Ivanovo 12,957 Juža
0%
Dagestan 10,503 Južno-Suchokumsk
0%
Tuva 19,686 Kaa-Chem
0%
Sverdlovsk 37,307 Kačkanar
0%
Vologda 11,343 Kaduj
0%
Dagestan 15,923 Kajakent
0%
Omsk 21,378 Kalačinsk
0%
Moscow 25,082 Kalininec
0%
Krasnodar 14,121 Kalininskaja
0%
Tver 12,621 Kaljazin
0%
Kemerovo 21,752 Kaltan
0%
Udmurtia 10,080 Kambarka
0%
Rostov 12,327 Kamenolomni
0%
Vladimir 12,028 Kameškovo
0%
Tatarstan 13,910 Kamskije Poljany
0%
Astrakhan 16,154 Kamyzjak
0%
Chuvashia 44,354 Kanaš
0%
Bashkortostan 10,138 Kandry
0%
Voronezh 10,715 Kantemirovka
0%
Ingushetia 16,783 Kantyševo
0%
Vladimir 13,150 Karabanovo
0%
Dagestan 20,710 Karabudachkent
0%
Ingushetia 43,037 Karabulak
0%
Bryansk 17,449 Karačev
0%
Novosibirsk 24,890 Karasuk
0%
Bashkortostan 11,076 Karmaskaly
0%
Sverdlovsk 25,879 Karpinsk
0%
Chelyabinsk 27,103 Kartaly
0%
Zabaykalsky 12,124 Karymskoje
0%
Chelyabinsk 15,383 Kasli
0%
Dagestan 12,502 Kasumkent
0%
Kurgan 11,881 Katajsk
0%
Chechnya 15,199 Katar-Jurt
0%
Chelyabinsk 14,663 Katav-Ivanovsk
0%
Krasnodar 10,177 Kavkazskaja
0%
Krasnodar 11,234 Kazanskaja
0%
Udmurtia 10,131 Kez
0%
Tula 26,475 Kimovsk
0%
Tver 40,875 Kimry
0%
Samara 36,729 Kinel'
0%
Samara 16,658 Kinel'-Čerkassy
0%
Tula 25,560 Kirejevsk
0%
Sverdlovsk 18,698 Kirovgrad
0%
Vladimir 27,318 Kiržač
0%
Perm 15,619 Kizel
0%
Buryatia 17,877 Kjachta
0%
Bryansk 11,947 Kletnja
0%
Bryansk 13,554 Klimovo
0%
Novosibirsk 17,053 Kočenëvo
0%
Ivanovo 30,940 Kochma
0%
Stavropol 26,645 Kočubejevskoje
0%
Krasnoyarsk 13,324 Kodinsk
0%
Novosibirsk 20,862 Kol'covo
0%
Vladimir 39,410 Kol'čugino
0%
Tomsk 20,824 Kolpaševo
0%
Novosibirsk 12,585 Kolyvan'
0%
Leningrad 25,793 Kommunar
0%
Mordovia 11,255 Komsomol'skij
0%
Tver 33,560 Konakovo
0%
Perm 14,631 Kondratovo
0%
Kaluga 15,734 Kondrovo
0%
Arkhangelsk 10,470 Konoša
0%
Rostov 17,207 Konstantinovsk
0%
Ryazan 10,334 Korablino
0%
Krasnodar 41,826 Korenovsk
0%
Arkhangelsk 34,523 Korjažma
0%
Chelyabinsk 37,224 Korkino
0%
Dagestan 10,805 Korkmaskala
0%
Kirov 20,144 Kotel'nič
0%
Volgograd 22,016 Kotel'nikovo
0%
Volgograd 21,028 Kotovo
0%
Tambov 26,694 Kotovsk
0%
Mordovia 19,793 Kovylkino
0%
Moscow 27,306 Kraskovo
0%
Kemerovo 11,406 Krasnobrodskij
0%
Chelyabinsk 12,023 Krasnogorskij
0%
Stavropol 14,200 Krasnogvardejskoje
0%
Stavropol 16,702 Krasnokumskoje
0%
Novosibirsk 29,086 Krasnoobsk
0%
Volgograd 16,545 Krasnoslobodsk
0%
Sverdlovsk 37,301 Krasnoufimsk
0%
Sverdlovsk 21,507 Krasnoural'sk
0%
Bashkortostan 11,241 Krasnousol'skij
0%
Moscow 14,639 Krasnozavodsk
0%
Astrakhan 12,254 Krasnyj Jar
0%
Saratov 14,296 Krasnyj Kut
0%
Rostov 35,697 Krasnyj Sulin
0%
Moscow 15,565 Kratovo
0%
Kaluga 11,745 Kremënki
0%
Rostov 10,720 Krivjanskaja
0%
Novosibirsk 11,874 Krivodanovka
0%
Krasnodar 12,797 Krylovskaja
0%
Tatarstan 15,977 Kujuki
0%
Tatarstan 17,886 Kukmor
0%
Rostov 14,568 Kulešovka
0%
Altai Krai 14,708 Kulunda
0%
Novosibirsk 15,065 Kupino
0%
Krasnoyarsk 11,908 Kuragino
0%
Chechnya 23,425 Kurčaloj
0%
Krasnodar 47,305 Kurganinsk
0%
Moscow 19,857 Kurovskoje
0%
Stavropol 11,517 Kursavka
0%
Stavropol 11,692 Kurskaja
0%
Kurgan 14,806 Kurtamyš
0%
Chelyabinsk 17,136 Kusa
0%
Sverdlovsk 27,306 Kušva
0%
Orenburg 26,596 Kuvandyk
0%
Leningrad 12,820 Kuz'molovskij
0%
Tyumen 25,501 Labytnangi
0%
Krasnodar 14,022 Ladožskaja
0%
Kalmykia 13,834 Lagan'
0%
Lipetsk 20,049 Lebedjan'
0%
Krasnodar 10,644 Lenina
0%
Dagestan 10,494 Leninaul
0%
Krasnodar 35,561 Leningradskaja
0%
Dagestan 19,438 Leninkent
0%
Moscow 10,082 Lesnoj
0%
Sverdlovsk 48,261 Lesnoj
0%
Dagestan 11,128 Levaši
0%
Tver 11,017 Lichoslavl'
0%
Moscow 34,191 Likino-Dulëvo
0%
Novosibirsk 17,779 Linëvo
0%
Oryol 43,549 Livny
0%
Tyumen 40,977 Ljantor
0%
Omsk 10,803 Ljubinskij
0%
Kaluga 35,874 Ljudinovo
0%
Moscow 29,000 Losino-Petrovskij
0%
Stavropol 11,220 Lysogorskaja
0%
Chechnya 11,886 Majrtup
0%
Belgorod 14,143 Majskij
0%
Kabardino-Balkaria 26,632 Majskij
0%
Moscow 25,989 Malachovka
0%
Ingushetia 36,480 Malgobek
0%
Kaluga 41,836 Malojaroslavec
0%
Dagestan 10,912 Mamedkala
0%
Kostroma 13,043 Manturovo
0%
Krasnodar 12,215 Mar'janskaja
0%
Irkutsk 36,971 Markova
0%
Novosibirsk 13,147 Masljanino
0%
Krasnodar 17,404 Medvedovskaja
0%
Tatarstan 16,008 Menzelinsk
0%
Bashkortostan 12,019 Mesjagutovo
0%
Chechnya 12,623 Mesker-Jurt
0%
Tyumen 11,067 Meždurečenskij
0%
Bashkortostan 15,697 Mežgorje
0%
Leningrad 11,150 Mga
0%
Chelyabinsk 11,296 Miasskoje
0%
Moscow 11,425 Michnevo
0%
Moscow 27,093 Misajlovo
0%
Zabaykalsky 12,390 Mogoča
0%
Zabaykalsky 10,809 Mogojtuj
0%
Penza 10,997 Mokšan
0%
Moscow 12,361 Molokovo
0%
Moscow 20,313 Monino
0%
Krasnodar 25,548 Mostovskoj
0%
Kemerovo 40,109 Myski
0%
Astrakhan 12,459 Načalovo
0%
Moscow 50,916 Nachabino
0%
Stavropol 12,006 Nadežda
0%
Chechnya 10,902 Nadterečnoje
0%
Astrakhan 11,104 Narimanov
0%
Kabardino-Balkaria 16,075 Nartan
0%
Kabardino-Balkaria 33,203 Nartkala
0%
Krasnodar 12,442 Natuchajevskaja
0%
Bryansk 15,536 Navlja
0%
Krasnoyarsk 45,333 Nazarovo
0%
Omsk 10,434 Nazyvajevsk
0%
Moscow 12,648 Nemčinovka
0%
Kostroma 19,977 Nerechta
0%
Ingushetia 17,981 Nesterovskaja
0%
Sverdlovsk 22,061 Nev'jansk
0%
Orenburg 10,656 Nežinka
0%
Stavropol 19,068 Nezlobnaja
0%
Leningrad 22,355 Nikol'skoje
0%
Dagestan 16,984 Nižneje Kazanišče
0%
Tyumen 14,217 Nižnesortymskij
0%
Irkutsk 29,995 Nižneudinsk
0%
Penza 20,421 Nižnij Lomov
0%
Chechnya 10,807 Nižnij-Nojber
0%
Buryatia 10,580 Nižnij Sajantuj
0%
Sverdlovsk 18,392 Nižnjaja Tura
0%
Chelyabinsk 10,379 Njazepetrovsk
0%
North Ossetia-Alania 12,011 Nogir
0%
Adygea 13,058 Novaja Adygeja
0%
Sverdlovsk 10,684 Novaja Ljalja
0%
Voronezh 36,540 Novaja Usman'
0%
Stavropol 26,767 Novoaleksandrovsk
0%
Volgograd 15,351 Novoanninskij
0%
Arkhangelsk 33,294 Novodvinsk
0%
Moscow 12,338 Novoivanovskoje
0%
Leningrad 23,988 Novoje Devjatkino
0%
Krasnodar 10,168 Novomichajlovskij
0%
Ryazan 16,900 Novomičurinsk
0%
Krasnodar 11,595 Novominskaja
0%
Krasnodar 11,218 Novomyšastovskaja
0%
Orenburg 11,071 Novoorsk
0%
Krasnodar 18,559 Novopokrovskaja
0%
Samara 10,185 Novosemejkino
0%
Orenburg 13,438 Novosergijevka
0%
Ulyanovsk 10,780 Novospasskoje
0%
Krasnodar 31,520 Novotitarovskaja
0%
Krasnodar 10,654 Novoveličkovskaja
0%
Bryansk 38,680 Novozybkov
0%
Dagestan 14,180 Novyj Chušet
0%
Chechnya 10,203 Novyje-Atagi
0%
Kemerovo 14,691 Novyj Gorodok
0%
Kursk 11,844 Obojan'
0%
Perm 14,385 Očër
0%
Chechnya 19,415 Ojschara
0%
Krasnodar 11,319 Oktjabr'skaja
0%
Kirov 19,629 Omutninsk
0%
Rostov 15,942 Orlovskij
0%
Perm 19,523 Osa
0%
Tatarstan 16,991 Osinovo
0%
Voronezh 31,699 Ostrogožsk
0%
Moscow 15,752 Ostrovcy
0%
Krasnodar 23,041 Otradnaja
0%
Leningrad 25,706 Otradnoje
0%
Moscow 24,359 Ozëry
0%
Volgograd 14,966 Pallasovka
0%
Tyumen 11,132 Pangody
0%
Novgorod 10,109 Pankovka
0%
Krasnodar 29,514 Pavlovskaja
0%
Moscow 11,752 Peresvet
0%
Tambov 10,674 Pervomajskij
0%
Tula 10,234 Pervomajskij
0%
Zabaykalsky 11,112 Pervomajskij
0%
Novgorod 14,032 Pestovo
0%
Tatarstan 11,601 Pestrecy
0%
Krasnodar 13,088 Petrovskaja
0%
Zabaykalsky 15,015 Petrovsk-Zabajkal'skij
0%
Volgograd 12,526 Petrov Val
0%
Vladimir 13,317 Petuški
0%
Leningrad 20,388 Pikalëvo
0%
Kaliningrad 12,794 Pionerskij
0%
Chelyabinsk 18,379 Plast
0%
Krasnodar 11,070 Plastunovskaja
0%
Krasnodar 12,193 Platnirovskaja
0%
Tula 16,893 Plavsk
0%
Ingushetia 16,440 Plijevo
0%
Bryansk 14,991 Počep
0%
Samara 27,333 Pochvistnevo
0%
Nizhny Novgorod 11,761 Počinki
0%
Samara 15,455 Podstëpki
0%
Tyumen 24,440 Pojkovskij
0%
Tyumen 16,040 Pokači
0%
Perm 11,200 Polazna
0%
Krasnodar 24,164 Poltavskaja
0%
Kemerovo 25,631 Polysajevo
0%
Buryatia 15,603 Poselje
0%
Altai Krai 10,423 Pospelicha
0%
Voronezh 16,417 Povorino
0%
Stavropol 10,695 Praskoveja
0%
Moscow 10,046 Pravdinskij
0%
Samara 27,515 Pridorožnyj
0%
Bashkortostan 19,595 Prijutovo
0%
Ivanovo 14,332 Privolžsk
0%
Saratov 33,096 Privolžskij
0%
Rostov 18,983 Proletarsk
0%
Kemerovo 19,484 Promyšlennaja
0%
Moscow 37,735 Protvino
0%
Krasnodar 10,666 Psebaj
0%
Moscow 27,081 Putilkovo
0%
Tyumen 43,577 Radužnyj
0%
Vladimir 17,569 Radužnyj
0%
Krasnodar 15,902 Rajevskaja
0%
Bashkortostan 18,698 Rajevskij
0%
Belgorod 10,048 Rakitnoje
0%
Belgorod 28,192 Razumnoje
0%
Moscow 14,788 Razvilka
0%
Sverdlovsk 15,164 Reftinskij
0%
Ryazan 20,634 Rjažsk
0%
Ivanovo 24,101 Rodniki
0%
Moscow 21,401 Rošal'
0%
Leningrad 16,162 Roščino
0%
Mordovia 42,989 Ruzajevka
0%
Ryazan 21,069 Rybnoje
0%
Moscow 12,862 Šachovskaja
0%
Tuva 11,772 Šagonar
0%
Ingushetia 12,663 Sagopši
0%
Kabardino-Balkaria 13,660 Šaluška
0%
Rostov 11,015 Samarskoje
0%
Chechnya 12,899 Samaški
0%
Dagestan 11,057 Šamchal
0%
Moscow 16,817 Sapronovo
0%
Orenburg 18,789 Saraktaš
0%
Krasnoyarsk 33,961 Šarypovo
0%
Chelyabinsk 42,597 Satka
0%
Vologda 16,246 Šeksna
0%
Bryansk 15,906 Sel'co
0%
Irkutsk 41,998 Šelechov
0%
Buryatia 13,261 Selenginsk
0%
Moscow 14,523 Seljatino
0%
Chechnya 12,593 Šelkovskaja
0%
Dagestan 15,565 Semender
0%
Rostov 21,719 Semikarakorsk
0%
Voronezh 27,938 Semiluki
0%
Zabaykalsky 10,335 Šerlovaja Gora
0%
Chechnya 12,583 Sernovodskoje
0%
Krasnodar 26,973 Severskaja
0%
Zabaykalsky 12,046 Šilka
0%
Ryazan 13,917 Šilovo
0%
Krasnodar 13,115 Sirius
0%
Leningrad 13,496 Siverskij
0%
Leningrad 12,566 Sjas'stroj
0%
Irkutsk 18,058 Sljudjanka
0%
Kirov 29,148 Slobodskoj
0%
Vladimir 17,444 Sobinka
0%
Moscow 15,136 Sofrino
0%
Stavropol 13,234 Solnečnodol'sk
0%
Orenburg 28,478 Soročinsk
0%
Khakassia 10,124 Sorsk
0%
Kaluga 11,413 Sosenskij
0%
Komi 22,189 Sosnogorsk
0%
Krasnoyarsk 40,442 Sosnovoborsk
0%
Buryatia 10,871 Sotnikovo
0%
Mari El 10,564 Sovetskij
0%
Tyumen 31,138 Sovetskij
0%
Volgograd 14,241 Srednjaja Achtuba
0%
Krasnodar 13,482 Staroderevjankovskaja
0%
Krasnodar 11,889 Starokorsunskaja
0%
Krasnodar 30,362 Starominskaja
0%
Krasnodar 11,250 Staromyšastovskaja
0%
Krasnodar 10,196 Staronižesteblijevskaja
0%
Krasnodar 17,251 Staroščerbinovskaja
0%
Krasnodar 13,223 Starotitarovskaja
0%
Krasnodar 14,310 Staroveličkovskaja
0%
Chechnya 14,280 Staryje-Atagi
0%
Karachay-Cherkessia 10,315 Storoževaja
0%
Belgorod 13,792 Streleckoje
0%
Tomsk 39,169 Streževoj
0%
Belgorod 23,780 Stroitel'
0%
Tambov 19,647 Stroitel'
0%
Samara 21,567 Strojkeramika
0%
Vladimir 11,774 Strunino
0%
Kaluga 14,806 Suchiniči
0%
Samara 13,348 Suchodol
0%
Sverdlovsk 32,748 Suchoj Log
0%
Vladimir 10,408 Sudogda
0%
Dagestan 10,043 Sultan-Jangi-Jurt
0%
Chuvashia 26,873 Šumerlja
0%
Kurgan 16,264 Šumicha
0%
Krasnodar 15,736 Supsech
0%
Bryansk 11,176 Suraž
0%
Ingushetia 13,153 Surchachi
0%
Krasnoyarsk 16,573 Šušenskoje
0%
Tula 17,598 Suvorov
0%
Stavropol 19,378 Suvorovskaja
0%
Novosibirsk 15,482 Suzun
0%
Stavropol 35,703 Svetlograd
0%
Kaliningrad 21,114 Svetlyj
0%
Volgograd 11,322 Svetlyj Jar
0%
Irkutsk 15,485 Svirsk
0%
Stavropol 18,582 Svobody
0%
Rostov 10,276 Tacinskaja
0%
Irkutsk 34,491 Tajšet
0%
Sverdlovsk 14,808 Talica
0%
Altai Krai 18,070 Tal'menka
0%
Voronezh 11,136 Talovaja
0%
Dagestan 18,233 Tarki
0%
Omsk 11,960 Tavričeskoje
0%
Belgorod 13,592 Tavrovo
0%
Krasnodar 25,650 Tbilisskaja
0%
Ivanovo 31,305 Tejkovo
0%
Leningrad 23,986 Tel'mana
0%
Kabardino-Balkaria 19,948 Terek
0%
Orenburg 12,825 Tockoje Vtoroje
0%
Novosibirsk 20,766 Togučin
0%
Chechnya 10,318 Tolstoj-Jurt
0%
Moscow 30,306 Tomilino
0%
Kemerovo 27,158 Topki
0%
Kaluga 15,606 Tovarkovo
0%
Chelyabinsk 32,463 Trëchgornyj
0%
Ingushetia 23,078 Troickaja
0%
Sverdlovsk 10,045 Troickij
0%
Kalmykia 12,964 Troickoje
0%
Moscow 22,657 Tučkovo
0%
Adygea 11,114 Tul'skij
0%
Kabardino-Balkaria 22,056 Tyrnyauz
0%
Bashkortostan 36,175 Učaly
0%
Karachay-Cherkessia 15,849 Učkeken
0%
Tver 25,950 Udomlja
0%
Krasnoyarsk 12,036 Ujar
0%
Leningrad 11,676 Ul'janovka
0%
Bryansk 24,274 Uneča
0%
Tyumen 41,315 Uraj
0%
Tatarstan 10,520 Urussu
0%
Krasnodar 11,286 Uspenskoje
0%
Khakassia 14,210 Ust'-Abakan
0%
Rostov 10,203 Ust'-Doneckij
0%
Karachay-Cherkessia 31,137 Ust'-Džeguta
0%
Chelyabinsk 21,439 Ust'-Katav
0%
Samara 10,547 Ust'-Kinel'skij
0%
Irkutsk 15,364 Ust'-Ordynskij
0%
Udmurtia 19,057 Uva
0%
Tambov 23,584 Uvarovo
0%
Chelyabinsk 10,747 Uvel'skij
0%
Krasnoyarsk 14,134 Užur
0%
Krasnodar 15,385 Varenikovskaja
0%
Tatarstan 17,286 Vasiljevo
0%
Krasnodar 14,829 Vasjurinskaja
0%
Tula 12,668 Venëv
0%
Moscow 10,089 Verbilki
0%
Smolensk 10,831 Verchnedneprovskij
0%
Chelyabinsk 22,981 Verchnij Ufalej
0%
Sverdlovsk 41,034 Verchnjaja Salda
0%
Perm 22,239 Vereščagino
0%
Irkutsk 21,719 Vichorevka
0%
Ivanovo 30,694 Vičuga
0%
Krasnodar 13,716 Vitjazevo
0%
Kirov 29,742 Vjatskije Poljany
0%
Vladimir 36,203 Vjazniki
0%
Altai Krai 12,973 Vlasicha
0%
Moscow 28,240 Vlasicha
0%
Moscow 17,597 Vniissok
0%
Kostroma 14,355 Volgorečensk
0%
Astrakhan 11,200 Volodarskij
0%
Belgorod 10,426 Volokonovka
0%
Leningrad 11,931 Volosovo
0%
Kaluga 10,667 Vorotynsk
0%
Arkhangelsk 10,839 Vyčegodskij
0%
Komi 10,564 Vyl'gort
0%
Leningrad 15,086 Vyrica
0%
Krasnodar 19,955 Vyselki
0%
Tatarstan 17,736 Vysokaja Gora
0%
Moscow 13,081 Vysokovsk
0%
Moscow 10,358 Zagorjanskij
0%
Tatarstan 39,739 Zainsk
0%
Kabardino-Balkaria 11,976 Zajukovo
0%
Krasnoyarsk 10,573 Zaozërnyj
0%
Moscow 15,189 Zaprudnja
0%
Moscow 10,649 Zarečje
0%
Altai Krai 41,272 Zarinsk
0%
Penza 26,878 Zasečnoje
0%
Udmurtia 11,066 Zav'jalovo
0%
Tyumen 27,100 Zavodoukovsk
0%
North Ossetia-Alania 15,508 Zavodskoj
0%
Karachay-Cherkessia 20,009 Zelenčukskaja
0%
Irkutsk 21,621 Železnogorsk-Ilimskij
0%
Tambov 13,883 Žerdevka
0%
Rostov 15,691 Zimovniki
0%
Volgograd 15,555 Žirnovsk
0%
Krasnodar 10,248 Znamenskij
0%
Chechnya 13,379 Znamenskoje
0%
Tomsk 15,421 Zonal'naja Stancija
0%
Mordovia 10,996 Zubova Poljana
0%
Bryansk 17,628 Žukovka
0%
Rostov 19,353 Zverevo
0%
No matching quizzes found
Score Distribution
Percent of People with Each Score
Percentile by Number Answered
Your Score History
You have not taken this quiz